Normal view
MARC view
- Ayesha Kaleem
Entry Personal Name
001 - CONTROL NUMBER
- control field: 84291
003 - CONTROL NUMBER IDENTIFIER
- control field: NUST
005 - DATE AND TIME OF LATEST TRANSACTION
- control field: 20211116153615.0
008 - FIXED-LENGTH DATA ELEMENTS
- fixed length control field: 211116|| aca||aabn | a|a d
040 ## - CATALOGING SOURCE
- Original cataloging agency: NUST
- Transcribing agency: NUST
100 ## - HEADING--PERSONAL NAME
- Personal name: Ayesha Kaleem
670 ## - SOURCE DATA FOUND
- Source citation: Work cat.: (NUST): Ayesha Kaleem , TH-SOF-1869-Fast Charging of Lithium-Ion Batteries using Constant Temperature Constant Voltage (CT-CV) Method, 2021.
